02618nam a2200349Ia 4500952010000000952011000100952009500210952011100305952010800416999001900524005001700543008004100560020001800601050001900619100004100638245006800679260004900747300002500796490002200821500002400843500008300867504003300950505062000983519010201603519010201705519010201807519010201909519010202011519010902113650003902222942000702261 00102lcc4070a09b09d2017-05-05l0oQ180.55M4 M85p09 004597r2017-05-05t1w2017-05-05yLB 00104070a07b07d2017-11-29l1m1oQ180.55M4 M85p07 006353r2020-03-02s2020-03-02t1w2017-11-29yLB 00104070a03b03d2017-12-15l0oQ180.55M4 M85p03 009779r2017-12-15t1w2017-12-15yLB 00104070a08b08d2018-02-16l11m3oQ180.55M4 M85p08 006568r2019-08-14s2019-08-08t1w2018-02-16yLB 00104070a25b25d2018-03-02l16oQ180.55M4 M85p06 003840r2020-03-10s2020-03-10t1w2018-03-02yLB c101908d10190820231102152026.0120622t20152016mx a||||r 00| 0 spa d a9786074265255 aQ180.55M4bM851 aMuñoz Rocha, Carlos Ignacioeautor10aMetodología de la investigaciónc / Carlos I. Muñoz Rocha3 aMéxicob : Oxford University Pressc, 2015 axxiii, 408 páginas aCiencias Sociales aReimpresiones: 2016 aIncluye: índice onomástico (pp.400-401) índice analítico (pp.402-408) aBibliografía (pp.396-399)  a¿Por qué y para qué un libro de metodología de la investigación? El conocimiento científico La metodología de la investigación científica y el método científico La investigación científica El proceso de investigación Decisión del proyecto de investigación El problema: su planteamiento y documentación Construcción del marco teórico Diseño de la investigación Hipótesis, indicadores y variables Selección de la muestra o el muestreo Técnicas e instrumentos de recolección de datos Procesamiento y análisis de datos Síntesis o conclusiones e informe de resultados aPlan Flexible / d Mercadotecnia Digital / bSeminario de investigación (M09-2) / c(08 006568) aPlan Flexible / d Mercadotecnia Digital / bSeminario de investigación (M09-3) / c(09 004597) aPlan Flexible / d Mercadotecnia Digital / bSeminario de investigación (M09-3) / c(03 009779) aPlan Flexible / d Mercadotecnia Digital / bSeminario de investigación (M09-3) / c(07 006353) aPlan Flexible / d Mercadotecnia Digital / bSeminario de investigación (M09-3) / c(07 006353) aPlan Flexible / d Mercadotecnia Digital / bMetodología de la Investigación (M02-3) / c(06 003840)14aINVESTIGACIÓNxMETODOLOGÍA935 cLB